000 01201nam0a22002651 4500
001 rc\4424835
005 20260407145540.0
021 _aRU
_b(62-77353)
021 _aRU
_bРг332
035 _a(NLR Aleph) 008308475
090 _a8681707
_c8681707
100 _a20130416d1961 |||y0rusy50 ca
101 0 _arus
102 _aRU
105 _aa z |||||
200 1 _aЗащита схемы извещения приближения поездов к станциям и переездам от индуктивного влияния высоковольтных линий автоблокировки при заземлении одной фазы
_fСССР. М-во путей сообщения. Сталинская ж. д. служба сигнализации и связи, ДорНТО
210 _aДнепропетровск
_cБ. и.
_d1961
215 _a5 с., 5 л. черт.
_d20
225 1 _aОбмен опытом
_eИнформ.-техн. письмо
712 0 2 _aПриднепровская железная дорога
_3RU\NLR\AUTH\8810022385
_9542777
801 0 _aRU
_bNLR
_gpsbo
801 1 _aRU
_bELAR
_2rusmarc
852 _aNLR
_j62-4/658
942 _cBOOK
980 _aNB